Statistics for "Burg" City Map Quiz

Click here to take the quiz!

General Stats

  • This quiz has been taken 60 times
  • The average score is 8 of 9

Answers on the Map

Answers color-coded by a green-red scale on the quiz's map according to % correct below.
 

Answer Stats

Answer% Correct
Johannesburg
100%
Edinburgh
98%
Tampa-St Petersburg
98%
Hamburg
94%
Gothenburg
93%
St Petersburg
93%
Yekaterinburg
89%
Pittsburgh
83%
Harrisburg
81%

Score Distribution

Percentile by Number Answered

Percent of People with Each Score

Your Score History

You have not taken this quiz